000 00745nam a2200193Ia 4500
003 GCL
008 140319s9999 xx 000 0 ara d
040 _aGCL /
_cGCL
082 0 4 _a953
_bج م
100 1 _aالجزرى , شمس الدين محمد بن ابر
245 1 0 _aالمختار من تاريخ ابن الجزرى المسلمى حوادث الزمان وابنائة ووفيات الاكابر والاعيان من ابنائة /
_cالجزرى , شمس الدين محمد بن ابر
260 _a[S.N] :
_bدار الكتاب العربى ،
_c1988
300 _a424 ص
490 _a
650 0 4 _aالتاريخ الاسلامى
650 0 4 _aالوفيات
650 0 4 _aالرجال - تراجم
942 _2ddc
_cBK
999 _c35397
_d35397